| 000 | 00000nam 2200000zi 4500 |
| 001 | 9.947354 |
| 003 | CaOODSP |
| 005 | 20250124121833 |
| 006 | m o d f |
| 007 | cr |n||||||||| |
| 008 | 250124s1937 oncad o f000 0 eng d |
| 040 | |aCaOODSP|beng|erda|cCaOODSP |
| 043 | |an-cn-nk |
| 086 | 1 |aA52-275/1937E-PDF |
| 086 | 1 |zA51-55E-PDF |
| 100 | 1 |aBailey, C. F., |eauthor. |
| 245 | 10|aDominion Experimental Station, Fredericton, N.B. : |bresults of experiments, 1931-1936 inclusive / |cC. F. Bailey. |
| 264 | 1|aOttawa : |bMinister of Agriculture, |c1937 |
| 300 | |a1 online resource (56 pages) : |billustrations, chart |
| 336 | |atext|btxt|2rdacontent |
| 337 | |acomputer|bc|2rdamedia |
| 338 | |aonline resource|bcr|2rdacarrier |
| 500 | |aDigitized edition from print [provided by Agriculture and Agri-Food Canada]. |
| 610 | 15|aCanada. |bStation expérimentale (Fredericton, N.-B.) |
| 610 | 15|aCanada. |bExperimental Station (Fredericton, N.B.) |
| 650 | 0|aAgricultural experiment stations|zNew Brunswick|zFredericton. |
| 650 | 6|aStations agronomiques|zNouveau-Brunswick|zFredericton. |
| 710 | 1 |aCanada. |bExperimental Station (Fredericton, N.B.), |eissuing body. |
| 710 | 2 |aDominion Experimental Farms and Stations (Canada), |eissuing body. |
| 856 | 40|qPDF|s11.40 MB|uhttps://publications.gc.ca/collections/collection_2024/aac-aafc/A51-55-1931-eng.pdf |